MARC

LEADER 00000nam0a2200000 4500
001 75974
005 20231031091242.0
035 |a (RuTPU)RU\TPU\book\81088 
090 |a 75974 
100 |a 20050406d1962 k y0rusy50 ca 
101 0 |a rus 
102 |a RU 
105 |a a z 001zy 
200 1 |a Пиролиз нефтяного сырья. (Ресурсы нефтехимии)  |f П. И. Лукьянов, А. Г. Басистов 
210 |a Москва  |c Гостоптехиздат  |d 1962 
215 |a 274 с.  |c ил. 
320 |a Библиогр.: с. 265-271. 
610 1 |a пиролиз 
610 1 |a нефть 
610 1 |a нефтяное сырье 
610 1 |a нефтехимия 
610 1 |a углеводороды нефтяные 
675 |a 665.52  |v 3 
700 1 |a Лукьянов  |b П. И.  |g Павел Изотович 
701 1 |a Басистов  |b А. Г.  |g Александр Гергиевич 
801 1 |a RU  |b 63413507  |c 20050406  |g PSBO 
801 2 |a RU  |b 63413507  |c 20160516  |g PSBO 
942 |c BK